书目信息 |
| 题名: |
孩子一看就懂的数学
|
|
| 作者: | 伊斯特维 , 艾斯丘 著 ;许淑雅 译 | |
| 分册: | ||
| 出版信息: | 北京 北京科学技术出版社 2021.3 |
|
| 页数: | 18,306页 | |
| 开本: | 23cm | |
| 丛书名: | ||
| 单 册: | ||
| 中图分类: | O1 , G782 , G623.53 | |
| 科图分类: | ||
| 主题词: | 数学教学--儿童教育--家庭教育 , 教育--各级 | |
| 电子资源: | ||
| ISBN: | 978-7-5714-0977-7 | |
| 000 | 01482nam0 2200361 45 | |
| 001 | 012001003060 | |
| 005 | 20210923103922.28 | |
| 010 | @a978-7-5714-0977-7@dCNY59.00 | |
| 100 | @a20201217d2020 em y0chiy0110 ea | |
| 101 | 1 | @achi@ceng |
| 102 | @aCN@b110000 | |
| 105 | @aa z 000yy | |
| 106 | @ar | |
| 200 | 1 | @a孩子一看就懂的数学@Ahai zi yi kan jiu dong de shu xue@e小学数学知识讲解与思维拓展@f(英)罗布·伊斯特维, (英)迈克·艾斯丘著@g许淑雅译 |
| 210 | @a北京@c北京科学技术出版社@d2021.3 | |
| 215 | @a18,306页@c图@d23cm | |
| 300 | @a并列题名:Maths for mums and dads | |
| 300 | @a其他题名:小学数学知识讲解与思维拓展 | |
| 312 | @a书名原文:Maths for mums and dads | |
| 314 | @a罗布·伊斯特维(RobEastaway),著有多部将数学与日常生活相结合的畅销书,为许多报刊撰写过文章,定期在广播节目中介绍数学知识,并应邀为全英国各年龄段的观众演讲。 | |
| 330 | @a本书旨在帮助作为家长的你重新认识数学,用新的视角来看待它,进而帮助你理解为什么现在的解题方法和以前不同了(有些理由非常好);也可以帮你更好地了解孩子的想法。 | |
| 510 | 1 | @aMaths for mums and dads@zeng |
| 517 | 1 | @a小学数学知识讲解与思维拓展 |
| 606 | 0 | @a数学教学@x儿童教育@x家庭教育 |
| 606 | 0 | @a教育@x各级 |
| 690 | @aO1@v5 | |
| 690 | @aG782@v5 | |
| 690 | @aG623.53@v3 | |
| 701 | 0 | @c(英)@a伊斯特维@Ayi si te wei@c(Eastaway, Rob)@4著 |
| 701 | 0 | @c(英)@a艾斯丘@Aai si qiu@c(Askew, Mike)@4著 |
| 702 | 0 | @a许淑雅@Axu shu ya@4译 |
| 801 | @aCN@bAHXH@c20210922 | |
| 905 | @b1283261-5@dG623.53@e2057@f5 | |
| 孩子一看就懂的数学:小学数学知识讲解与思维拓展/(英)罗布·伊斯特维, (英)迈克·艾斯丘著/许淑雅译.-北京:北京科学技术出版社,2021.3 |
| 18,306页:图;23cm |
| 并列题名:Maths for mums and dads.-其他题名:小学数学知识讲解与思维拓展 |
| ISBN 978-7-5714-0977-7:CNY59.00 |
| 本书旨在帮助作为家长的你重新认识数学,用新的视角来看待它,进而帮助你理解为什么现在的解题方法和以前不同了(有些理由非常好);也可以帮你更好地了解孩子的想法。 |
| ● |
| 相关链接 |
|
|
|
|
正题名:孩子一看就懂的数学
索取号:G623.53/2057
 
预约/预借
| 序号 | 登录号 | 条形码 | 馆藏地/架位号 | 状态 | 备注 |
| 1 | 1283261 | 212832611 | 第一样本阅览室/ [索取号:G623.53/2057] | 在馆 | |
| 2 | 1283262 | 212832620 | 教育系资料室/ [索取号:G623.53/2057] | 在馆 | |
| 3 | 1283263 | 212832639 | 教育系资料室/ [索取号:G623.53/2057] | 在馆 | |
| 4 | 1283264 | 212832648 | 第四借阅区/ [索取号:G623.53/2057] | 在馆 | |
| 5 | 1283265 | 212832657 | 第四借阅区/ [索取号:G623.53/2057] | 在馆 |